| 000 | 02150 a2200265 4500 | ||
|---|---|---|---|
| 001 | 2162214035926813 | ||
| 003 | UA-OsUOA | ||
| 005 | 20260511102430.0 | ||
| 008 | 260511b un ao||| |||| 00| 0dukr d | ||
| 020 | _a9668321464 | ||
| 040 |
_aUA-OsUOA _bukr _cUA-OsUOA _dUA-OsUOA |
||
| 041 | _aukr | ||
| 080 | _a94(477):343.32 | ||
| 090 |
_a94(477):343.32 _bБ23 |
||
| 100 |
_aБантишев О. Ф., Селюк А. В. _925207 |
||
| 245 | _aПастка для еліти | ||
| 260 |
_aКиїв _bНора - Друк _c2004 |
||
| 300 | _a290 с. | ||
| 490 | _aБібліотека журналу "В мире спецслужб" | ||
| 520 | _aАвтори книги, яку ви тримаєте в руках, мали можливість детально ознайомитися з кримінальними справами, сфальсифікованими за часів сталінських репресій. Ви зустрінете добре знайомі вам імена Павла Губенка (Остап Вишня), Максима Рильського, Юрія Коцюбинського, а також імена інших талановитих синів України, які вже нічого не кажуть пересічному сучасному читачу, бо роки вони замовчувалися так, наче люди, які жили, творили, сміялися, кохали, народжували дітей, мріяли про майбутнє, а потім вмерли в муках, - взагалі не існували. Ці матеріали публікуються вперше, тому не виключена можливість, що хтось знайде у них відомості про давно зниклих безвісти родичів чи знайомих. Книга розрахована на широкий загал читачів. | ||
| 650 |
_a94(477) Історія України _91446 |
||
| 942 |
_cBK _2udc |
||
| 955 | _a4 | ||
| 999 |
_c580684 _d580684 |
||